000 00768cam a2200145 4500500
005 20260208002440.0
041 _afre
042 _adc
100 1 0 _aMasset, Claude
_eauthor
245 0 0 _aBarney G. Glaser & Anselm A. Strauss, La Découverte de la théorie ancrée. Stratégies pour la recherche qualitative, Traduit de l’anglais (américain) par Marc-Henry Soulet et Kerralie Œuvray. Avant-propos de Marc-Henry Soulet. Introduction de Pierre Paillé. Paris, Armand Colin, 2010, 409 p., notes bibliogr., fig. (« Individu et Société »)
260 _c2011.
500 _a17
786 0 _nL'Homme | 198-199 | 2 | 2011-07-01 | p. 367e-380e | 0439-4216
856 4 1 _uhttps://shs.cairn.info/revue-l-homme-2011-2-page-367e?lang=fr&redirect-ssocas=7080
999 _c1646400
_d1646400